| 000 | 01453nam a22002777a 4500 | ||
|---|---|---|---|
| 005 | 20110707122046.0 | ||
| 008 | 110707t xxu||||| |||| 00| 0 mar d | ||
| 010 | _aMAR-21040 | ||
| 020 |
_a9788184982480 _c250.00 |
||
| 035 | _aMR-13698 | ||
| 037 | _bDBAD/PUB | ||
| 040 |
_aDPL _bMR |
||
| 082 | _a823 | ||
| 100 |
_aशाफर,मेरी अँन _929210 |
||
| 245 |
_aगर्नसी वाचक मंडळ / _cमेरी अँन शाफर तथा अँनी बरोज ; मैत्रीयी जोशी द्वारा अनुवादित |
||
| 246 |
_aGuernsey Vacak Mandal _bby Mary Ann Shaffer and Annie Barrows |
||
| 260 |
_aपुणे _bमेहता पब्लिशिंग हाऊस _c2011 |
||
| 270 |
_a1941,सदाशिव पेठ,माडीवाले कॉलनी _bपुणे _e411030 |
||
| 300 |
_aबारा,248पृ. _c22सेमी(अजिल्द) _bनकशा |
||
| 650 |
_aअंग्रैजी कादंबरी _929234 _xमराठी भाषा में अनुवादित |
||
| 650 |
_aEnglish Fiction _929235 _xTranslation into Marathi |
||
| 700 |
_929211 _aबरोज अँन |
||
| 700 |
_aजोशी,मैत्रेयी _929268 |
||
| 942 |
_2ddc _cMR _h823 _mशाफर |
||
| 999 |
_c53643 _d53643 |
||